| 000 -LEADER |
| fixed length control field |
01104cam a2200253 i 4500 |
| 001 - CONTROL NUMBER |
| control field |
18543594 |
| 005 - DATE AND TIME OF LATEST TRANSACTION |
| control field |
20221107114029.0 |
| 008 - FIXED-LENGTH DATA ELEMENTS--GENERAL INFORMATION |
| fixed length control field |
150320s2016 nju b 001 0 eng |
| 020 ## - INTERNATIONAL STANDARD BOOK NUMBER |
| International Standard Book Number |
9781617116339 1 |
| 041 ## - LANGUAGE CODE |
| Language code of text/sound track or separate title |
eng |
| 080 ## - UNIVERSAL DECIMAL CLASSIFICATION NUMBER |
| Universal Decimal Classification number |
617.7 W-63 |
| 100 1# - MAIN ENTRY--PERSONAL NAME |
| Personal name |
Whittaker, Steven, |
| Dates associated with a name |
1950- , |
| Relator term |
author. |
| 9 (RLIN) |
10945 |
| 245 10 - TITLE STATEMENT |
| Title |
Low vision rehabilitation : |
| Remainder of title |
a practical guide for occupational therapists / |
| Statement of responsibility, etc. |
Stephen G. Whittaker, Mitchell Scheiman, Debra A. Sokol-McKay. |
| 250 ## - EDITION STATEMENT |
| Edition statement |
Second edition. |
| 264 #1 - PRODUCTION, PUBLICATION, DISTRIBUTION, MANUFACTURE, AND COPYRIGHT NOTICE |
| Place of production, publication, distribution, manufacture |
Thorofare : |
| Name of producer, publisher, distributor, manufacturer |
SLACK Incorporated, |
| Date of production, publication, distribution, manufacture, or copyright notice |
2015. |
| 300 ## - PHYSICAL DESCRIPTION |
| Extent |
410 pages ; |
| Dimensions |
29 cm. |
| 650 22 - SUBJECT ADDED ENTRY--TOPICAL TERM |
| Topical term or geographic name entry element |
Occupational Therapy |
| General subdivision |
methods. |
| 9 (RLIN) |
10947 |
| 653 ## - INDEX TERM--UNCONTROLLED |
| keyword |
დაბალი მხედველობის რეაბილიტაცია |
| 653 ## - INDEX TERM--UNCONTROLLED |
| keyword |
ოკუპაციური თერაპევტების პრაქტიკული სახელმძღვანელო |
| 653 ## - INDEX TERM--UNCONTROLLED |
| keyword |
მედიცინა |
| 700 1# - ADDED ENTRY--PERSONAL NAME |
| Personal name |
Scheiman, Mitchell, |
| Relator term |
ავტორი |
| 9 (RLIN) |
10949 |
| 700 1# - ADDED ENTRY--PERSONAL NAME |
| Personal name |
Sokol-McKay, Debra A., |
| Dates associated with a name |
1957- , |
| Relator term |
ავტორი |
| 9 (RLIN) |
10950 |
| 942 ## - ADDED ENTRY ELEMENTS (KOHA) |
| Source of classification or shelving scheme |
|
| Koha item type |
წიგნი |